| 000 | 01145cam a22002894a 4500 | ||
|---|---|---|---|
| 090 | _c0 | ||
| 001 | 14105482 | ||
| 005 | 20060822104403.0 | ||
| 008 | 050912s2007 njua 001 0 eng | ||
| 010 | _a2005026159 | ||
| 020 | _a0130092339 (hardcover) | ||
| 035 | _a(OCoLC)ocm61724328 | ||
| 040 |
_aDLC _cDLC _dYDX _dBAKER _dDLC |
||
| 042 | _apcc | ||
| 050 | 0 | 0 |
_aHD69.P75 _bP5498 2007 |
| 082 | 0 | 0 |
_a658.404 _222 _bPIN |
| 100 | 1 | _aPinto, Jeffrey K. | |
| 245 | 1 | 0 |
_aProject Management : _bAchieving Competitive Advantage / _cJeffrey K. Pinto. |
| 260 |
_aUpper Saddle River, N.J. : _bPearson/Prentice Hall, _cc2007. |
||
| 300 |
_axxi, 490 p. : _bill. ; _c29 cm. |
||
| 500 | _aIncludes index. | ||
| 650 | 0 | _aProject management. | |
| 856 | 4 | 1 |
_3Table of contents _uhttp://www.loc.gov/catdir/toc/ecip0519/2005026159.html |
| 942 |
_2ddc _cBB |
||
| 999 |
_c10510 _d10510 |
||